[Event "5th Vergani Cup Dec. A 2020"]
[Site "Bassano del Grappa"]
[Date "2020.12.30"]
[Round "9.5"]
[White "Dardha, Daniel"]
[Black "Blohberger, Felix"]
[Result "1/2-1/2"]
[WhiteElo "2487"]
[BlackElo "2469"]
[Annotator "TA"]
[PlyCount "149"]
[EventDate "2020.12.26"]
[EventType "swiss"]
[EventCountry "ITA"]
[SourceTitle "playchess.com"]
[Source "ChessBase"]
[SourceQuality "1"]

{[%evp 9,149,0,8,0,0,-6,1,-2,16,13,29,-29,0,0,14,15,15,2,4,-6,31,15,29,9,54,44,45,49,37,39,46,47,61,4,97,89,81,86,85,75,66,60,154,91,108,105,142,138,127,122,129,137,134,122,128,115,110,82,84,67,120,88,74,70,66,50,61,15,28,19,168,170,150,169,162,145,220,224,238,238,338,338,315,293,266,266,231,108,108,108,216,203,203,108,108,108,108,108,108,108,108,108,108,108,108,108,108,102,108,108,108,108,209,209,209,209,209,209,209,209,209,209,209,209,209,209,209,0,209,209,209,8,8,0,0,0,0,0,0,0,0,0]} 1. d4 Nf6 2. c4 g6 3. d5 Bg7 4. Nc3 O-O 5. e4 d6 6. Bd3 {E60: King's Indian: Unusual lines and Fianchetto Variation without Nc3.} c6 7. Nge2 Nbd7 {[%cal Bb8d7,Bd7e5,Be5d3][%mdl 32]} 8. O-O Ne5 9. b3 {[#]} a6 $146 ({Predecessor:} 9... cxd5 10. cxd5 Nxd3 11. Qxd3 Bd7 12. Be3 Qa5 13. h3 Rac8 14. a3 a6 15. Rfc1 Rfe8 {0-1 (42) Likavsky,T (2295)-Yurtaev,L (2525) Bratislava 1991}) 10. a4 (10. dxc6 $142 bxc6 11. Bc2) 10... Nxd3 11. Qxd3 Nd7 12. Be3 Nc5 13. Qd1 Qa5 14. Bd2 cxd5 15. Nxd5 Qd8 16. Bg5 f6 17. Be3 f5 18. Bg5 $36 {[%mdl 2048] White is more active.} Rf7 19. exf5 $1 Bxf5 20. Ra2 h6 21. Be3 (21. Bd2 $14) 21... Rc8 (21... e6 $11 {keeps the balance.} 22. Ndc3 Qb6) 22. a5 Qf8 23. f3 g5 24. h3 Be5 25. Nd4 Rd8 ({Better is} 25... Bd3 $14) 26. Rd2 (26. Nxf5 $142 {Rd2 is the strong threat.} Rxf5 27. Bf2) 26... Ne6 27. Re1 Kh8 28. Nxe6 Bxe6 29. Bd4 Bxd4+ 30. Rxd4 Bxd5 31. Rxd5 Rf6 32. Rd4 Rc8 33. h4 gxh4 34. Rxh4 Rc5 (34... Rg6 $14) 35. Rhe4 Rf7 36. Qd4+ Qg7 $1 37. Qxg7+ Kxg7 38. Rxe7 (38. b4 $5 {[%cal Rb4c5]} Rc7 39. Kf1 $14) 38... Rxa5 39. R1e6 Rxe7 (39... Ra3 $11) 40. Rxe7+ $11 {[%mdl 4096] Endgame KR-KR} Kf6 41. Rxb7 Ra1+ 42. Kf2 Ra2+ (42... a5 $16 43. Ke3 a4) 43. Kg3 $18 Rb2 44. Rb6 Ke5 (44... Ke7 {might work better.} 45. f4 (45. Rxa6 Rxb3 46. Kf4 h5 $16) 45... h5 46. Rxa6 Rxb3+ 47. Kh4 Ke6) 45. Kh3 ({Not} 45. Rxa6 Rxb3 46. Kg4 Rc3 $16) 45... a5 46. Rb5+ Kf6 47. g3 ({Weaker is} 47. Rxa5 Rxb3 48. Rd5 Ke7 $16) 47... Ra2 48. Rh5 (48. Rd5 $18 {and White stays clearly on top.}) 48... Kg7 $16 49. Rd5 a4 (49... Ra3 $16) 50. bxa4 $18 Rxa4 {[#]} 51. Rxd6 (51. Rd4 $1 $18) 51... Rxc4 $16 52. f4 Ra4 53. Re6 Rb4 54. Kg4 Rb3 55. Kh4 Rb1 56. Kh5 Rh1+ 57. Kg4 Ra1 58. Kf5 Ra5+ 59. Re5 Ra7 60. Rb5 Rf7+ {[#]} (60... Kh7 $16 61. g4 Kg7) 61. Kg4 $1 $18 Kg6 62. f5+ Kh7 {and the idea ...Rg7+ leaves Black hopeful.} 63. Kh5 {Black must now prevent g4.} Rg7 64. g4 {Strongly threatening f6.} Rg5+ 65. Kh4 Kg7 66. Rb7+ Kg8 67. Ra7 Kh8 68. Rb7 Kg8 $1 69. Rd7 Kh8 70. Kg3 $2 (70. Rd8+ $18 Kh7 71. Re8) 70... h5 $11 {The position is equal.} 71. Kf4 Rxg4+ 72. Ke5 h4 73. f6 Kg8 74. Kf5 Rg1 75. Rd8+ {Weighted Error Value: White=0.15/Black=0.21} 1/2-1/2

[Event "5th Vergani Cup Dec. A 2020"]
[Site "Bassano del Grappa"]
[Date "2020.12.30"]
[Round "9.6"]
[White "Dionisi, Thomas"]
[Black "Carlo, Emanuele"]
[Result "1-0"]
[WhiteElo "2418"]
[BlackElo "2288"]
[Annotator "TA"]
[PlyCount "101"]
[EventDate "2020.12.26"]
[EventType "swiss"]
[EventCountry "ITA"]
[SourceTitle "playchess.com"]
[Source "ChessBase"]
[SourceQuality "1"]

{[%evp 21,101,2,14,9,13,16,11,11,11,0,13,21,16,18,33,33,33,33,33,26,50,53,54,39,30,18,65,50,69,39,42,40,52,37,66,55,64,86,88,54,88,7,148,8,366,368,404,412,406,409,380,361,483,468,492,492,468,463,518,509,479,510,510,434,462,459,556,549,605,606,605,577,590,585,756,762,737,672,810,797,658,622]} 1. e4 c5 2. Nf3 d6 3. d4 cxd4 4. Nxd4 Nf6 5. Nc3 a6 6. Be2 e5 7. Nb3 Be7 8. O-O O-O 9. Be3 Be6 10. Qd2 Nbd7 {[%cal Bb8d7,Bd7b6,Bb6c4][%mdl 32]} 11. a4 {[%cal Ba2a4,Ba4a5][%mdl 32]} Nb6 12. a5 {B92: Sicilian Najdorf: 6 Be2.} Nc4 13. Bxc4 Bxc4 14. Rfd1 {The position is equal.} Qc7 15. Nc1 Rac8 16. Bb6 Qc6 17. f3 Nd7 18. Be3 {[#]} f5 $146 ({Predecessor:} 18... b5 19. axb6 Nxb6 20. Nb3 Qc7 21. Qf2 Rb8 22. Nd2 Nc8 23. Nxc4 Qxc4 24. Rdb1 f5 {½-½ (44) Efimenko,Z (2702)-Nepomniachtchi,I (2730) Porto Carras 2011}) 19. exf5 Rxf5 20. N1a2 Nf6 21. Nb4 Qe8 22. Nbd5 Bxd5 23. Nxd5 Bf8 24. Nb6 {And now Qd3 would win.} Rc7 25. c4 Qg6 26. Rf1 Rf7 27. Nd5 h5 28. Qd3 h4 29. h3 Nh5 30. Bf2 Qg5 31. Qe4 ({Better is} 31. Kh1 $16) 31... Rxf3 {[#]} (31... Rf4 $1 $11 32. Qe3 {[%mdl 64] Pin} (32. Nxf4 Nxf4 33. g4 hxg3 $17) 32... Qg6) 32. Qxh4 ({Reject} 32. Bxh4 $6 Rxf1+ 33. Rxf1 Rxf1+ 34. Kxf1 Qc1+ 35. Ke2 Qxb2+ 36. Kf3 Qa3+ 37. Kg4 Nf4 $14) (32. Qg4 $1 $16 {[%cal Rg4g5]} R3f5 33. Qxg5 (33. Bxh4 Rxf1+ 34. Rxf1 Qxg4 $14) (33. Qxh4 Qxh4 34. Bxh4 Nf4 $15) 33... Rxg5 34. Bxh4 Rxf1+ 35. Rxf1) 32... Qg6 {[%mdl 8192] Black cannot hold the game after this.} (32... Qxh4 $11 {and Black is okay.} 33. Bxh4 Rxf1+ 34. Rxf1 Nf4 35. Nxf4 exf4) 33. Qg4 $18 Qxg4 34. hxg4 Rxf2 35. Rxf2 Nf4 36. Kf1 Rd7 37. Nxf4 {White is clearly winning.} exf4 38. Rxf4 {[%mdl 4096] Endgame KRR-KRB} Be7 39. Rd1 Rc7 40. b3 {[%cal Bb2b3,Bb3b4][%mdl 32]} Rc6 41. Ke2 Bf6 42. Rf5 Be5 43. Kd3 g6 44. Rf2 Rc5 45. b4 Rc7 46. Rdf1 Kg7 47. Rf8 Re7 48. g5 Bg3 49. Rd8 Be1 {[#]} 50. Rxe1 {[%mdl 64] Deflection} Rxe1 51. Rd7+ {Weighted Error Value: White=0.16/Black=0.41} 1-0

[Event "5th Vergani Cup Dec. A 2020"]
[Site "Bassano del Grappa"]
[Date "2020.12.30"]
[Round "9.7"]
[White "Bettalli, Francesco"]
[Black "Lumachi, Gabriele"]
[Result "1/2-1/2"]
[WhiteElo "2232"]
[BlackElo "2297"]
[Annotator "TA"]
[PlyCount "30"]
[EventDate "2020.12.26"]
[EventType "swiss"]
[EventCountry "ITA"]
[SourceTitle "playchess.com"]
[Source "ChessBase"]
[SourceQuality "1"]

{[%evp 13,17,-2,0,-12,-6,-8]} 1. d4 Nf6 2. Nf3 b6 3. e3 Bb7 4. b3 g6 5. Bb2 Bg7 6. Bd3 O-O 7. O-O c5 8. Nbd2 {A48: 1 d4 Nf6 2 Nf3 g6: Torre, London and Colle Systems.} Nc6 9. c4 {[#] Not much happened in this game. Not enough moves} {Predecessor:} cxd4 $146 10. exd4 d5 11. Rc1 Rc8 12. Re1 e6 13. Qe2 Re8 14. a3 Rc7 15. Red1 Qa8 {½-½ (68) Ftacnik,L (2611)-Tibensky,R (2438) Martin 2003} 1/2-1/2

[Event "5th Vergani Cup Dec. A 2020"]
[Site "Bassano del Grappa"]
[Date "2020.12.30"]
[Round "9.8"]
[White "Beerdsen, Thomas"]
[Black "Ghiotto, Marco Luigi"]
[Result "1-0"]
[WhiteElo "2479"]
[BlackElo "2089"]
[Annotator "TA"]
[PlyCount "57"]
[EventDate "2020.12.26"]
[EventType "swiss"]
[EventCountry "ITA"]
[SourceTitle "playchess.com"]
[Source "ChessBase"]
[SourceQuality "1"]

{[%evp 25,57,51,20,-132,-19,-46,-41,-55,-39,-39,0,-59,177,179,160,172,200,192,188,164,358,102,915,882,2600,2369,29989,29990,29990,29991,29991,29992,29992,29993]} 1. e4 e6 2. d4 d5 3. Nc3 Nf6 4. Bg5 Be7 5. e5 Nfd7 6. h4 a6 7. Qg4 Bxg5 8. hxg5 c5 9. g6 f5 10. Qf4 h6 11. dxc5 Nc6 12. Nf3 O-O 13. O-O-O Nxc5 {[#]} 14. Bd3 {[#] C14: French: Classical System: 4 Bg5 Be7 main line.} (14. Bc4 $1 $11 Qe8 15. Qe3) 14... Qe8 $146 (14... Ne4 $1 $17 15. Qe3 Qa5) ({Predecessor:} 14... Ne4 15. Nd2 Nxd2 16. Rxd2 Qg5 17. Qxg5 hxg5 18. Re2 Ne7 19. Rh5 Nxg6 20. Rxg5 Nf4 21. Re1 Bd7 22. Bf1 Be8 23. Ne2 Nxe2+ {½-½ (23) Stepien,J (2050)-Rotsaert,J (2070) France 1993}) 15. Qg3 Bd7 16. Kb1 {Black is slightly better.} Rc8 17. Ne2 $1 Ne7 18. Nf4 ({White should try} 18. Nh4 $11) 18... Bb5 $2 (18... Ne4 $15 {keeps the upper hand.} 19. Bxe4 fxe4) 19. Bxb5 $18 Qxb5 20. Nd4 $1 $36 {[%csl LRb5,LRe6][%mdl 2112] Double Attack. Keeping Black busy.} Qb6 21. Qe3 {Ndxe6! is the strong threat.} Ne4 {and if ...Nc3+ works, Black does fine.} 22. Ka1 ({And not} 22. Nfxe6 Nc3+ 23. Ka1 Nxd1 $11) 22... Rfe8 $2 {[#]} (22... Ng5 23. Nxf5 Qc7 24. Nxg7 Rxf4 {[%mdl 64] Remove Defender} 25. Qxf4 Nxg6 26. Nxe6 Nxf4 27. Nxc7 Rxc7) 23. f3 $2 ({Less strong is} 23. Nfxe6 Nxg6 24. Nxg7 f4 $16) (23. Rxh6 $3 $18 {[%mdl 512] is the precise move to win.} gxh6 24. Nh5 Rxc2 25. Rb1) 23... Nc5 $2 {[%mdl 8192] [#]} (23... Ng5 $16) 24. Rxh6 $3 {[%mdl 512]} gxh6 (24... Na4 25. Nd3) 25. Nh5 Na4 26. Rb1 {White mates.} f4 27. Qxf4 Nf5 28. Nxf5 {[%mdl 64] Discovered Attack} exf5 29. Qxh6 {[%csl Gh5][%cal Rh6g7] Weighted Error Value: White=0.39/Black=0.90} 1-0

[Event "5th Vergani Cup Dec. A 2020"]
[Site "Bassano del Grappa"]
[Date "2020.12.30"]
[Round "9.9"]
[White "Brotto, Alessandro"]
[Black "Formento, Paolo"]
[Result "0-1"]
[WhiteElo "1921"]
[BlackElo "2315"]
[Annotator "TA"]
[PlyCount "50"]
[EventDate "2020.12.26"]
[EventType "swiss"]
[EventCountry "ITA"]
[SourceTitle "playchess.com"]
[Source "ChessBase"]
[SourceQuality "1"]

{[%evp 12,50,19,10,26,29,31,12,23,2,11,-25,-23,-27,-35,-71,-62,-101,-103,-102,-98,-128,-131,-129,-136,-126,-131,-236,-224,-256,-247,-221,-233,-232,-215,-736,-710,-731,-728,-700,-685]} 1. e4 g6 2. d4 Bg7 3. Nc3 c6 4. Bc4 d6 5. a4 Nf6 6. Nge2 O-O 7. O-O Nbd7 {[%cal Bb8d7,Bd7f8,Bf8e6,Be6d4][%mdl 32] [#] B07: Pirc Defence: Miscellaneous Systems.} 8. Ba2 $146 ({Predecessor:} 8. Re1 e5 9. dxe5 dxe5 10. Be3 Ng4 11. Qc1 Qh4 12. h3 Nxe3 13. Qxe3 Bh6 14. Qg3 Qe7 15. Red1 {0-1 (25) Ristic,B (2139)-Jokic,M (2083) Belgrade 2015}) 8... e5 9. dxe5 dxe5 {The position is equal.} 10. b4 Qc7 11. Ba3 Rd8 12. Qc1 Nf8 13. Qe3 Be6 14. Rad1 Bxa2 15. Nxa2 Ne6 16. h3 Qb6 17. Rxd8+ Rxd8 18. Qxb6 axb6 19. Bc1 (19. Nec3 $17) 19... Nxe4 $19 20. Be3 Nd4 21. Nxd4 exd4 22. Rd1 Ra8 23. f3 $2 {[#]} (23. Bxd4 Rd8 24. c3) 23... dxe3 {Black is clearly winning.} 24. fxe4 e2 25. Re1 Rxa4 {Black took control after the opening.  Weighted Error Value: White=0.46/Black=0.04} 0-1

[Event "5th Vergani Cup Dec. A 2020"]
[Site "Bassano del Grappa"]
[Date "2020.12.30"]
[Round "9.10"]
[White "Loiacono, Antonio"]
[Black "Palozza, Christian"]
[Result "1/2-1/2"]
[WhiteElo "2304"]
[BlackElo "2265"]
[Annotator "TA"]
[PlyCount "45"]
[EventDate "2020.12.26"]
[EventType "swiss"]
[EventCountry "ITA"]
[SourceTitle "playchess.com"]
[Source "ChessBase"]
[SourceQuality "1"]

{[%evp 9,45,20,27,12,17,22,16,17,40,8,6,9,12,-25,-12,-2,-3,-45,-3,-14,-1,0,96,87,93,70,72,79,85,80,77,57,94,98,120,110,220,167]} 1. e4 c6 2. d4 d5 3. e5 c5 4. dxc5 e6 5. Nf3 Bxc5 6. a3 {B12: Caro-Kann: Advance Variation.} Ne7 7. Bd3 Ng6 8. O-O {The position is equal.} a6 9. Qe2 Nc6 {[#]} 10. Be3 $146 ({Predecessor:} 10. Re1 Bd7 11. Be3 Be7 12. Bd2 O-O 13. Nc3 b5 14. Rad1 b4 15. axb4 Nxb4 16. Bc1 Nxd3 17. Rxd3 {0-1 (41) Gabrielsen,T (2290)-Hole,O (2383) Oslo 2011}) 10... Be7 11. Bc1 (11. Bxg6 $5 hxg6 12. c4 $11) 11... Qc7 {[%cal Rc6e5]} 12. Re1 O-O 13. b3 f6 {[%cal Rf6e5]} 14. Bxg6 hxg6 15. Bb2 Kf7 (15... fxe5 $11 16. Nxe5 Bc5) 16. Nbd2 $16 Bd7 17. Rad1 Rad8 18. c4 {[#] Hoping for cxd5.} Bc8 19. cxd5 Rxd5 20. Ne4 Rfd8 21. Rc1 Qb6 22. b4 Qa7 (22... Rf8 $16) 23. h4 {Weighted Error Value: White=0.09/Black=0.22} 1/2-1/2